[Event "I Trofeo Antica Scuola Napoletana"]
[Site "Napoli "]
[Date "2013.02.21"]
[Round "1"]
[White "Condorelli, Pietro"]
[Black "Taurisano, Vincenzo"]
[Result "1-0"]
[WhiteElo "1710"]
[BlackElo "1854"]
[PlyCount "165"]
[EventDate "2013.02.21"]
[EventType "swiss"]
[EventRounds "7"]
[EventCountry "ITA"]
[SourceDate "2005.09.12"]

1. e4 c5 2. Nf3 d6 3. Bb5+ Bd7 4. Bxd7+ Nxd7 5. O-O e6 6. c4 Ngf6 7. Re1 Be7 8.
Nc3 O-O 9. d4 cxd4 10. Nxd4 a6 11. b3 Rc8 12. Bb2 Qa5 13. Qd2 Rfe8 14. f3 Nh5
15. Kh1 Bg5 16. Qc2 d5 17. exd5 Qc5 18. Ne4 Qe7 19. d6 Qd8 20. Ne2 Rc6 21. Rad1
e5 22. b4 Re6 23. c5 Rh6 24. N2g3 Nxg3+ 25. Nxg3 Bf4 26. Bc1 Rxh2+ 27. Kxh2
Qh4+ 28. Kg1 Bxg3 29. Re4 Qh2+ 30. Kf1 Qh1+ 31. Ke2 Qxg2+ 32. Kd3 Qxf3+ 33. Re3
Nxc5+ 34. bxc5 e4+ 35. Kc4 b5+ 36. Kb3 Qg4 37. Qxe4 Qxd1+ 38. Kb2 Bxd6 39. Qe8+
Bf8 40. Qxc6 h5 41. Re8 Qd4+ 42. Kc2 Qc4+ 43. Kd1 g6 44. Bh6 Qd3+ 45. Ke1 Qb1+
46. Kf2 Qxa2+ 47. Re2 Qc4 48. Bxf8 Qf4+ 49. Qf3 Qh2+ 50. Ke3 Qe5+ 51. Qe4 Qc3+
52. Kf4 Qf6+ 53. Ke3 Kxf8 54. Qa8+ Kg7 55. c6 Qc3+ 56. Kf2 Qd4+ 57. Ke1 Qg1+
58. Kd2 Qd4+ 59. Ke1 Qg1+ 60. Kd2 h4 61. c7 Qd4+ 62. Ke1 Qc3+ 63. Kf2 Qxc7 64.
Qe4 Qg3+ 65. Kf1 h3 66. Qd4+ Kh6 67. Qh8+ Kg5 68. Re5+ f5 69. Qd8+ Kg4 70. Qd4+
Qf4+ 71. Qxf4+ Kxf4 72. Re6 g5 73. Rxa6 g4 74. Rb6 g3 75. Rxb5 Kg4 76. Kg1 f4
77. Rb4 Kf3 78. Rb3+ Ke2 79. Rb2+ Kd3 80. Rb3+ Kc4 81. Rf3 Kd4 82. Rxf4+ Ke3
83. Rh4 1-0

[Event "I Trofeo Antica Scuola Napoletana"]
[Site "Napoli "]
[Date "2013.02.21"]
[Round "1"]
[White "Esposito, Luca"]
[Black "Cosenza, Gianni"]
[Result "1-0"]
[WhiteElo "2285"]
[BlackElo "1957"]
[PlyCount "77"]
[EventDate "2013.02.21"]
[EventType "swiss"]
[EventRounds "7"]
[EventCountry "ITA"]
[SourceDate "2005.09.12"]

1. d4 d5 2. c4 c6 3. Nf3 Nf6 4. e3 Bf5 5. Nc3 e6 6. Nh4 Bg6 7. Be2 Bd6 8. g3
Nbd7 9. Qb3 Qc7 10. Nxg6 hxg6 11. Bd2 a5 12. Rc1 Bb4 13. O-O Bxc3 14. Bxc3 O-O
15. Rfd1 Rfe8 16. Be1 a4 17. Qc2 Ne4 18. Bf3 Ndf6 19. Bg2 Qd7 20. c5 Ng5 21.
Rd3 Ra7 22. Ra3 Rea8 23. f3 Ne8 24. g4 Qe7 25. f4 Nh7 26. g5 Nf8 27. Bf1 f6 28.
h4 e5 29. Bg3 e4 30. Qh2 Ne6 31. Bh3 N8c7 32. Rac3 Kf7 33. f5 gxf5 34. Bd6 Qd7
35. Bxf5 Rh8 36. Bxc7 Nxg5 37. Bxd7 Nf3+ 38. Kg2 Nxh2 39. Bxh2 1-0

[Event "I Trofeo Antica Scuola Napoletana"]
[Site "Napoli "]
[Date "2013.02.21"]
[Round "1"]
[White "Esposito, Rosario"]
[Black "Di Gennaro, Antonio"]
[Result "1/2-1/2"]
[WhiteElo "1818"]
[BlackElo "1660"]
[PlyCount "53"]
[EventDate "2013.02.21"]
[EventType "swiss"]
[EventRounds "7"]
[EventCountry "ITA"]
[SourceDate "2005.09.12"]

1. d4 d5 2. c4 e6 3. Nc3 c6 4. e4 dxe4 5. Nxe4 Bb4+ 6. Bd2 Qxd4 7. Bxb4 Qxe4+
8. Be2 Na6 9. Bc3 f6 10. Nf3 Ne7 11. Qd2 O-O 12. O-O-O e5 13. Bd3 Qg4 14. Qc2
Bf5 15. h3 Bxd3 16. Qxd3 Qc8 17. g4 Rd8 18. Qe3 Qe6 19. b3 c5 20. Qe4 Nc6 21.
Nh4 Qc8 22. Nf5 Qc7 23. Ne3 Rxd1+ 24. Rxd1 Nd4 25. Nd5 Qf7 26. f4 Re8 27. f5
1/2-1/2

[Event "I Trofeo Antica Scuola Napoletana"]
[Site "Napoli "]
[Date "2013.02.21"]
[Round "1"]
[White "Farina, Walter"]
[Black "Esposito, Pino"]
[Result "1/2-1/2"]
[WhiteElo "1628"]
[BlackElo "1801"]
[PlyCount "33"]
[EventDate "2013.02.21"]
[EventType "swiss"]
[EventRounds "7"]
[EventCountry "ITA"]
[SourceDate "2005.09.12"]

1. e4 c5 2. Nf3 d6 3. d4 cxd4 4. Nxd4 Nf6 5. Nc3 a6 6. Bg5 e6 7. f4 Be7 8. Bc4
Nc6 9. Bb3 Qb6 10. Nxc6 bxc6 11. Qe2 Bd7 12. Bh4 c5 13. Bf2 Bc6 14. O-O Qb7 15.
Rfe1 O-O 16. Rad1 Rad8 17. Ba4 1/2-1/2

[Event "I Trofeo Antica Scuola Napoletana"]
[Site "Napoli "]
[Date "2013.02.21"]
[Round "1"]
[White "Gonzini, Gianmaria"]
[Black "Seletsky, Grigory"]
[Result "0-1"]
[WhiteElo "1984"]
[BlackElo "2337"]
[PlyCount "68"]
[EventDate "2013.02.21"]
[EventType "swiss"]
[EventRounds "7"]
[EventCountry "ITA"]
[SourceDate "2005.09.12"]

1. Nf3 d5 2. e3 g6 3. d4 Bg7 4. c4 c6 5. Nc3 Nf6 6. Be2 O-O 7. O-O b6 8. cxd5
cxd5 9. Ne5 Ba6 10. Bd2 Bxe2 11. Qxe2 Nfd7 12. f4 e6 13. Rfc1 a6 14. a4 Nxe5
15. fxe5 Nc6 16. Nb5 Qd7 17. Na3 f6 18. exf6 Bxf6 19. Kh1 Ne7 20. a5 b5 21. Nc2
Nf5 22. Ne1 Nd6 23. Nd3 Ne4 24. Nc5 Nxc5 25. Rxc5 Be7 26. Rc2 Rac8 27. Rac1
Rxc2 28. Rxc2 Rc8 29. Be1 Rc6 30. b4 Qc8 31. Rc5 Bxc5 32. dxc5 e5 33. Qa2 Qe6
34. Bf2 d4 0-1

[Event "I Trofeo Antica Scuola Napoletana"]
[Site "Napoli "]
[Date "2013.02.21"]
[Round "1"]
[White "Parente, Giuseppe"]
[Black "Accardo, Francesco"]
[Result "0-1"]
[WhiteElo "1744"]
[BlackElo "1863"]
[PlyCount "96"]
[EventDate "2013.02.21"]
[EventType "swiss"]
[EventRounds "7"]
[EventCountry "ITA"]
[SourceDate "2005.09.12"]

1. Nf3 b5 2. g3 Bb7 3. Bg2 g5 4. O-O h6 5. b3 Bg7 6. d4 e6 7. Bb2 Ne7 8. Nbd2
f5 9. c4 b4 10. Qc2 a5 11. Rac1 c6 12. e4 f4 13. d5 Bxb2 14. Qxb2 O-O 15. d6
Ng6 16. g4 c5 17. e5 Kg7 18. Qc2 Nc6 19. Rfe1 Qb6 20. Qd3 a4 21. Qb1 Ra7 22.
Ne4 axb3 23. axb3 Rfa8 24. Nf6 Qd8 25. Qd3 Ra2 26. Nh5+ Kf7 27. Nd2 Qh8 28. Nf3
R8a3 29. Rc2 Ra1 30. Rce2 Qa8 31. h4 Na5 32. hxg5 Rxb3 33. Qc2 Rxe1+ 34. Nxe1
f3 35. Nf4 Qg8 36. Re3 Rxe3 37. fxe3 Nxf4 38. exf4 fxg2 39. Qa4 Qd8 40. Qc2 Kg7
41. gxh6+ Kxh6 42. g5+ Kg7 43. Nxg2 b3 44. Qe2 Qh8 45. f5 Qh3 46. f6+ Kf8 47.
g6 Qxg2+ 48. Qxg2 Bxg2 0-1

[Event "I Trofeo Antica Scuola Napoletana"]
[Site "Napoli "]
[Date "2013.02.21"]
[Round "1"]
[White "Rosato, Luciano"]
[Black "Somma, Andrea"]
[Result "1-0"]
[WhiteElo "2212"]
[BlackElo "1923"]
[PlyCount "101"]
[EventDate "2013.02.21"]
[EventType "swiss"]
[EventRounds "7"]
[EventCountry "ITA"]
[SourceDate "2005.09.12"]

1. Nf3 Nf6 2. d3 d6 3. g3 g6 4. Bg2 Bg7 5. e4 e5 6. O-O O-O 7. Nbd2 Re8 8. Nc4
c6 9. c3 Qc7 10. Qc2 Nbd7 11. a4 Nb6 12. Ne3 a5 13. b3 d5 14. Bb2 c5 15. c4 d4
16. Nd5 Nbxd5 17. cxd5 Bd7 18. Nd2 Rf8 19. Nc4 Ne8 20. f4 f6 21. fxe5 fxe5 22.
Rxf8+ Kxf8 23. Ba3 Kg8 24. Rf1 b6 25. Bc1 Nd6 26. Nxd6 Qxd6 27. Qc4 Kh8 28. h4
Rf8 29. Rxf8+ Bxf8 30. Qa6 Qb8 31. Kh2 h5 32. Bh3 Bxh3 33. Kxh3 Kh7 34. Kg2 Bh6
35. Bxh6 Kxh6 36. Qc4 Qc8 37. Qc1+ Kg7 38. Qg5 Qg4 39. Qxe5+ Kh7 40. Qc7+ Kh8
41. Qd8+ Kh7 42. Qe7+ Kh8 43. Qf8+ Kh7 44. Qf3 Qd7 45. e5 Kg8 46. e6 Qe7 47.
Qf4 Kg7 48. Kf3 Kg8 49. Ke4 Kg7 50. Qe5+ Qf6 51. d6 1-0

[Event "I Trofeo Antica Scuola Napoletana"]
[Site "Napoli "]
[Date "2013.02.21"]
[Round "1"]
[White "Schiappoli, Dario"]
[Black "Capone, Vincenzo"]
[Result "0-1"]
[WhiteElo "1922"]
[BlackElo "2185"]
[PlyCount "52"]
[EventDate "2013.02.21"]
[EventType "swiss"]
[EventRounds "7"]
[EventCountry "ITA"]
[SourceDate "2005.09.12"]

1. e4 c5 2. Nf3 d6 3. d4 cxd4 4. Nxd4 Nf6 5. Nc3 Nc6 6. Bc4 Bd7 7. Bg5 Qa5 8.
Bxf6 gxf6 9. Nb3 Qg5 10. g3 Rc8 11. f4 Qg6 12. Be2 h5 13. Qd2 Bh6 14. O-O-O f5
15. Nc5 fxe4 16. Nxd7 Kxd7 17. Qd5 f5 18. Kb1 Bg7 19. Na4 Kc7 20. c3 a6 21. c4
b6 22. c5 bxc5 23. Bxa6 Rb8 24. Nxc5 Rxb2+ 25. Kc1 dxc5 26. Qd7+ Kb8 0-1

[Event "I Trofeo Antica Scuola Napoletana"]
[Site "Napoli "]
[Date "2013.02.21"]
[Round "1"]
[White "Solombrino, Giovanni"]
[Black "Caporali, Dante"]
[Result "1-0"]
[WhiteElo "1857"]
[BlackElo "1729"]
[PlyCount "99"]
[EventDate "2013.02.21"]
[EventType "swiss"]
[EventRounds "7"]
[EventCountry "ITA"]
[SourceDate "2005.09.12"]

1. e4 e6 2. d4 d5 3. Nd2 Nf6 4. e5 Nfd7 5. Bd3 c5 6. c3 Nc6 7. Ne2 f6 8. exf6
Nxf6 9. Nf3 Bd6 10. O-O O-O 11. Ng3 Qb6 12. Re1 cxd4 13. cxd4 Bd7 14. b3 Rae8
15. Be3 Qc7 16. Rc1 Ba3 17. Rc2 Qb6 18. Ne5 Nb4 19. Nh5 Bb5 20. Nxf6+ Rxf6 21.
Bxb5 Qxb5 22. Rc5 Qa6 23. Qe2 Qxe2 24. Rxe2 Nc6 25. Rb5 a6 26. Rxb7 Nxe5 27.
dxe5 Rff8 28. Rc2 Rc8 29. Rcc7 Rxc7 30. Rxc7 Bb2 31. Rc6 d4 32. Bd2 Kf7 33. Kf1
Rd8 34. f4 g6 35. Ke1 Rd7 36. Rxa6 Rc7 37. Kd1 h5 38. Ra4 Ke7 39. Rc4 Ra7 40.
a4 Kd7 41. Kc2 Ba3 42. Rxd4+ Ke7 43. Bb4+ Bxb4 44. Rxb4 Rc7+ 45. Rc4 Rd7 46. a5
Ra7 47. b4 Kd7 48. Kb3 Rc7 49. Rxc7+ Kxc7 50. Kc4 1-0

[Event "I Trofeo Antica Scuola Napoletana"]
[Site "Napoli "]
[Date "2013.02.21"]
[Round "1"]
[White "Zinnai, Graziano Matteo"]
[Black "Di Meo, Antonio"]
[Result "1-0"]
[WhiteElo "2040"]
[BlackElo "1913"]
[PlyCount "73"]
[EventDate "2013.02.21"]
[EventType "swiss"]
[EventRounds "7"]
[EventCountry "ITA"]
[SourceDate "2005.09.12"]

1. e4 e6 2. d3 b5 3. Nf3 a6 4. g3 Bb7 5. Bg2 c5 6. O-O Nc6 7. c3 Nf6 8. Re1 Be7
9. Nbd2 Qc7 10. d4 cxd4 11. Nxd4 Rb8 12. N2b3 Ne5 13. Bf4 h6 14. a4 bxa4 15.
Nc1 g5 16. Bxe5 Qxe5 17. Nd3 Qc7 18. Qxa4 h5 19. e5 Nd5 20. Qc2 g4 21. Qe2 Qc4
22. Rec1 Bg5 23. Rc2 Ne7 24. Bxb7 Rxb7 25. b3 Qd5 26. Rxa6 O-O 27. Rca2 Nc6 28.
Nxc6 dxc6 29. b4 Rd7 30. Nc5 Qd1+ 31. Qxd1 Rxd1+ 32. Kg2 Rc1 33. Ne4 Bh6 34.
Rxc6 Rd8 35. Nd6 Re1 36. Rc7 f5 37. Nf7 1-0

[Event "I Trofeo Antica Scuola Napoletana"]
[Site "Napoli "]
[Date "2013.02.28"]
[Round "2"]
[White "Auletta, Angelo"]
[Black "Gonzini, Gianmaria"]
[Result "1-0"]
[WhiteElo "2197"]
[BlackElo "1984"]
[PlyCount "51"]
[EventDate "2013.02.21"]
[EventType "swiss"]
[EventRounds "7"]
[EventCountry "ITA"]
[SourceDate "2005.09.12"]

1. e4 b6 2. d4 Bb7 3. Bd3 e6 4. Nf3 d6 5. Qe2 h6 6. O-O g6 7. c4 Ne7 8. Nc3 Bg7
9. Be3 O-O 10. Rad1 Nd7 11. Bc2 c6 12. Rfe1 a6 13. Bf4 Nc8 14. e5 d5 15. cxd5
cxd5 16. h4 Re8 17. g4 f5 18. exf6 Qxf6 19. Bg3 e5 20. dxe5 Qf8 21. Nxd5 Qc5
22. b4 Qf8 23. Bxg6 Nd6 24. Qd3 Nf7 25. e6 Nh8 26. Bh7# 1-0

[Event "I Trofeo Antica Scuola Napoletana"]
[Site "Napoli "]
[Date "2013.02.28"]
[Round "2"]
[White "Capone, Vincenzo"]
[Black "Esposito, Luca"]
[Result "1/2-1/2"]
[WhiteElo "2185"]
[BlackElo "2285"]
[PlyCount "81"]
[EventDate "2013.02.21"]
[EventType "swiss"]
[EventRounds "7"]
[EventCountry "ITA"]
[SourceDate "2005.09.12"]

1. Nf3 Nf6 2. c4 e6 3. g3 d5 4. d4 c6 5. Qc2 Nbd7 6. Bg2 Be7 7. O-O O-O 8. Nbd2
b6 9. e4 Bb7 10. b3 Rc8 11. Bb2 c5 12. exd5 exd5 13. Qf5 Ba6 14. Rfd1 dxc4 15.
Nxc4 Bxc4 16. bxc4 cxd4 17. Nxd4 Rc5 18. Qh3 Rh5 19. Nc6 Rxh3 20. Nxd8 Rh5 21.
Nc6 Bc5 22. Nxa7 Ne5 23. Bd4 Nxc4 24. Rac1 Bxd4 25. Rxd4 Ne5 26. a4 Rf5 27. f4
Ned7 28. Bh3 Rc5 29. Rb1 Rc7 30. Nb5 Rb7 31. Nd6 Rbb8 32. Nc4 Rb7 33. a5 b5 34.
a6 Ra7 35. Rxb5 Nb8 36. Rd6 Rxa6 37. Rxa6 Nxa6 38. Ne5 Nc7 39. Rb7 Ncd5 40. Nd7
Re8 41. Rb8 1/2-1/2

[Event "I Trofeo Antica Scuola Napoletana"]
[Site "Napoli "]
[Date "2013.02.28"]
[Round "2"]
[White "Caporali, Dante"]
[Black "Parente, Giuseppe"]
[Result "0-1"]
[WhiteElo "1729"]
[BlackElo "1744"]
[PlyCount "86"]
[EventDate "2013.02.21"]
[EventType "swiss"]
[EventRounds "7"]
[EventCountry "ITA"]
[SourceDate "2005.09.12"]

1. d4 Nf6 2. c4 e6 3. Nc3 Bb4 4. e3 c5 5. Nf3 d5 6. Bd3 dxc4 7. Bxc4 a6 8. O-O
b5 9. Be2 Bb7 10. a3 Bxc3 11. bxc3 c4 12. Bb2 Nbd7 13. a4 O-O 14. axb5 axb5 15.
Rxa8 Qxa8 16. Qd2 Rd8 17. Ra1 Qc8 18. Qc1 Qc6 19. Ba3 Ne4 20. Bb4 g5 21. Bf1 g4
22. Nd2 Ng5 23. Be7 Nh3+ 24. Kh1 Nxf2+ 25. Kg1 Nd3 26. Qd1 Re8 27. Qxg4+ Kh8
28. Bh4 Rg8 29. Qe2 Rg6 30. Bg3 Nf6 31. Nf3 Ne4 32. Ne5 Nxe5 33. Bxe5+ f6 34.
Bg3 Nxc3 35. Qe1 Ne4 36. Rb1 Ba6 37. Qa5 Nxg3 38. hxg3 Rxg3 39. Qd8+ Kg7 40.
Qe7+ Kg6 41. Kf2 Rg5 42. Kg1 Qe4 43. Ra1 Qxe3+ 0-1

[Event "I Trofeo Antica Scuola Napoletana"]
[Site "Napoli "]
[Date "2013.02.28"]
[Round "2"]
[White "Capozzoli, Silvio"]
[Black "Farina, Walter"]
[Result "0-1"]
[WhiteElo "1832"]
[BlackElo "1628"]
[PlyCount "86"]
[EventDate "2013.02.21"]
[EventType "swiss"]
[EventRounds "7"]
[EventCountry "ITA"]
[SourceDate "2005.09.12"]

1. e4 c5 2. c4 Nc6 3. Nc3 d6 4. Nge2 g6 5. g3 Bg7 6. Bg2 e5 7. d3 Nge7 8. h3
O-O 9. O-O h6 10. Rb1 f5 11. f4 fxe4 12. dxe4 Nd4 13. Nxd4 cxd4 14. Nd5 Nxd5
15. cxd5 Bd7 16. a4 a5 17. b3 Rf6 18. g4 Qe7 19. f5 g5 20. Qd3 Bf8 21. Bd2 Qe8
22. Rfc1 b5 23. b4 axb4 24. axb5 Bxb5 25. Qb3 Rf7 26. Bxb4 Rb7 27. Qf3 Ra2 28.
Bf1 Bxf1 29. Qxf1 Qa4 30. Qc4 d3 31. Qb3 Qa7+ 32. Bc5 Rxb3 33. Bxa7 Rxb1 34.
Rxb1 Rxa7 35. Kf2 Ra3 36. Rd1 Be7 37. Rd2 Bd8 38. Kg3 Bb6 39. h4 Be3 40. Rd1
Bf4+ 41. Kg2 d2 42. hxg5 hxg5 43. Kf2 Rg3 0-1

[Event "I Trofeo Antica Scuola Napoletana"]
[Site "Napoli "]
[Date "2013.02.28"]
[Round "2"]
[White "Cocchia, Umberto"]
[Black "De Meo, Guido"]
[Result "1-0"]
[WhiteElo "1891"]
[BlackElo "1800"]
[PlyCount "45"]
[EventDate "2013.02.21"]
[EventType "swiss"]
[EventRounds "7"]
[EventCountry "ITA"]
[SourceDate "2005.09.12"]

1. e4 c5 2. Nf3 d6 3. d4 cxd4 4. Nxd4 a6 5. Nc3 Nf6 6. f4 Bg4 7. Be2 Bxe2 8.
Qxe2 Qb6 9. Nb3 e6 10. Be3 Qc7 11. O-O Be7 12. a4 Nc6 13. a5 Rc8 14. Kh1 O-O
15. g4 Bd8 16. g5 Nd7 17. Qh5 Re8 18. f5 g6 19. fxe6 gxh5 20. exf7+ Kf8 21. g6
Re5 22. Bh6+ Ke7 23. g7 1-0

[Event "I Trofeo Antica Scuola Napoletana"]
[Site "Napoli "]
[Date "2013.02.28"]
[Round "2"]
[White "Cosenza, Gianni"]
[Black "Solombrino, Giovanni"]
[Result "0-1"]
[WhiteElo "1957"]
[BlackElo "1857"]
[PlyCount "78"]
[EventDate "2013.02.21"]
[EventType "swiss"]
[EventRounds "7"]
[EventCountry "ITA"]
[SourceDate "2005.09.12"]

1. e4 c5 2. Nf3 Nc6 3. d4 cxd4 4. Nxd4 g6 5. Be3 Bg7 6. Nc3 Nf6 7. Bc4 O-O 8.
f3 Qb6 9. Bb3 Nxe4 10. Nxe4 Bxd4 11. Bxd4 Qxd4 12. c3 Qe3+ 13. Qe2 Qxe2+ 14.
Kxe2 b6 15. Rad1 d6 16. Rhe1 Ne5 17. Ke3 Bb7 18. Rd4 Kg7 19. Kf2 Rac8 20. Kg3
Rc7 21. Nd2 Nc6 22. Rde4 f5 23. Re6 f4+ 24. Kf2 Ne5 25. R6xe5 dxe5 26. Rxe5 Rd8
27. Re2 Rcd7 28. Ne4 Bxe4 29. Rxe4 g5 30. h4 h6 31. hxg5 hxg5 32. Re5 Rd2+ 33.
Kf1 Rxb2 34. Rxe7+ Kf8 35. Rf7+ Ke8 36. Rg7 Rdd2 37. Ke1 Rxg2 38. Kf1 Rh2 39.
Kg1 Rhd2 0-1

[Event "I Trofeo Antica Scuola Napoletana"]
[Site "Napoli "]
[Date "2013.02.28"]
[Round "2"]
[White "Di Gennaro, Antonio"]
[Black "Miccoli, Livio"]
[Result "1-0"]
[WhiteElo "1660"]
[BlackElo "1614"]
[PlyCount "85"]
[EventDate "2013.02.21"]
[EventType "swiss"]
[EventRounds "7"]
[EventCountry "ITA"]
[SourceDate "2005.09.12"]

1. e4 e6 2. d4 d5 3. Nc3 c5 4. exd5 exd5 5. Bb5+ Nc6 6. Nf3 a6 7. Bxc6+ bxc6 8.
O-O Nf6 9. Re1+ Be6 10. Ng5 Qe7 11. dxc5 h6 12. Nxe6 fxe6 13. Na4 g6 14. Bf4
Nd7 15. Bd6 Qf6 16. Nb6 Nxb6 17. Be5 Qf5 18. Bxh8 Bxc5 19. Bd4 Bxd4 20. Qxd4
Nd7 21. Qh8+ Nf8 22. Re2 O-O-O 23. Qxh6 e5 24. Qd2 Ne6 25. Rae1 e4 26. Qa5 Nf4
27. Qxa6+ Kd7 28. Re3 Rf8 29. Qf1 Rh8 30. a4 Qh5 31. h3 Qg5 32. Rg3 Qf5 33.
Ree3 d4 34. Rb3 Qh5 35. Rg4 Qe5 36. Rbg3 d3 37. cxd3 exd3 38. Re3 Qxb2 39. Rxf4
d2 40. Rd3+ Ke7 41. Rfd4 c5 42. Rd7+ Kf6 43. Rxd2 1-0

[Event "I Trofeo Antica Scuola Napoletana"]
[Site "Napoli "]
[Date "2013.02.28"]
[Round "2"]
[White "Di Meo, Antonio"]
[Black "Baltzopoulos, Giorgos"]
[Result "1-0"]
[WhiteElo "1913"]
[BlackElo "1957"]
[PlyCount "63"]
[EventDate "2013.02.21"]
[EventType "swiss"]
[EventRounds "7"]
[EventCountry "ITA"]
[SourceDate "2005.09.12"]

1. b4 e6 2. a3 b6 3. e3 Bb7 4. Nf3 Nf6 5. Bb2 Be7 6. c4 O-O 7. Nc3 c5 8. b5 d5
9. Ne2 Nbd7 10. Ng3 Re8 11. Qc2 Qc7 12. Be2 e5 13. cxd5 Nxd5 14. h4 Bf8 15. Ng5
N7f6 16. Bf3 g6 17. h5 Bg7 18. hxg6 hxg6 19. O-O-O Rac8 20. N3e4 c4 21. Nxf6+
Nxf6 22. Rh4 Bxf3 23. gxf3 Qd7 24. Rg1 Rc5 25. f4 exf4 26. Rxf4 c3 27. Bxc3
Qxb5 28. Nxf7 Rxc3 29. dxc3 Qc5 30. Nh6+ Kf8 31. Qb3 Re7 32. Qg8# 1-0

[Event "I Trofeo Antica Scuola Napoletana"]
[Site "Napoli "]
[Date "2013.02.28"]
[Round "2"]
[White "Messina, Enrico"]
[Black "Zinnai, Graziano Matteo"]
[Result "1-0"]
[WhiteElo "2222"]
[BlackElo "2040"]
[PlyCount "105"]
[EventDate "2013.02.21"]
[EventType "swiss"]
[EventRounds "7"]
[EventCountry "ITA"]
[SourceDate "2005.09.12"]

1. e4 e6 2. Nf3 d5 3. e5 c5 4. b4 b6 5. c3 Qd7 6. a3 Ba6 7. d3 Ne7 8. h4 h5 9.
Bf4 Nf5 10. Nbd2 Be7 11. Be2 g6 12. Ng5 Kf8 13. Ndf3 Kg7 14. O-O Nc6 15. Rb1
Bb7 16. Qd2 a6 17. Rb2 f6 18. exf6+ Bxf6 19. bxc5 e5 20. Bh2 bxc5 21. Ne6+ Qxe6
22. Rxb7+ Nfe7 23. Ng5 Qd6 24. d4 cxd4 25. cxd4 Rhb8 26. dxe5 Bxe5 27. Bxe5+
Qxe5 28. Rfb1 Rxb7 29. Rxb7 Rb8 30. Bxa6 Rxb7 31. Bxb7 Qa1+ 32. Kh2 Ne5 33. Qd4
Qxd4 34. Ne6+ Kf6 35. Nxd4 Nc4 36. a4 Ke5 37. Nb3 d4 38. a5 Nd6 39. a6 Nb5 40.
f4+ Kxf4 41. Nxd4 Na7 42. g3+ Ke5 43. Nf3+ Kf5 44. Kg2 Ke6 45. Be4 Kf6 46. Kf2
Ng8 47. Ke3 Ne7 48. Kd4 Nf5+ 49. Bxf5 Kxf5 50. Ne5 Nb5+ 51. Kc5 Na7 52. Nc6 Nc8
53. Ne7+ 1-0

[Event "I Trofeo Antica Scuola Napoletana"]
[Site "Napoli "]
[Date "2013.02.28"]
[Round "2"]
[White "Radice, Mario"]
[Black "Buiano, Fabio"]
[Result "1-0"]
[WhiteElo "1913"]
[BlackElo "2036"]
[PlyCount "93"]
[EventDate "2013.02.21"]
[EventType "swiss"]
[EventRounds "7"]
[EventCountry "ITA"]
[SourceDate "2005.09.12"]

1. e4 c5 2. Nf3 Nc6 3. d4 cxd4 4. Nxd4 g6 5. Nc3 Bg7 6. Be3 Nf6 7. Nxc6 bxc6 8.
e5 Nd5 9. Nxd5 cxd5 10. Qxd5 Rb8 11. Bc4 O-O 12. O-O Bb7 13. Qd3 Qc7 14. f4 d6
15. exd6 exd6 16. Bd4 Bh6 17. f5 d5 18. fxg6 hxg6 19. Bb3 Rbe8 20. Qh3 Bg7 21.
Bxg7 Kxg7 22. Qf3 Qb6+ 23. Qf2 Re2 24. Qxb6 axb6 25. Rf2 Rfe8 26. Raf1 f5 27.
g4 Rxf2 28. Rxf2 fxg4 29. Rd2 Re5 30. Rd4 Rg5 31. Kg2 Kf6 32. Kg3 Bc8 33. Rxd5
Rxd5 34. Bxd5 Bf5 35. c3 Ke5 36. Bb3 Ke4 37. Bd1 Kd3 38. Bxg4 Be4 39. Kf4 Bd5
40. Ke5 Bxa2 41. Kf6 Kc2 42. Kxg6 Kxb2 43. h4 Kxc3 44. h5 Kd4 45. Bf5 Ke5 46.
h6 Bg8 47. Kg7 1-0

[Event "I Trofeo Antica Scuola Napoletana"]
[Site "Napoli "]
[Date "2013.02.28"]
[Round "2"]
[White "Seletsky, Grigory"]
[Black "Rosato, Luciano"]
[Result "1-0"]
[WhiteElo "2337"]
[BlackElo "2212"]
[PlyCount "89"]
[EventDate "2013.02.21"]
[EventType "swiss"]
[EventRounds "7"]
[EventCountry "ITA"]
[SourceDate "2005.09.12"]

1. e4 d6 2. d4 g6 3. Nc3 Bg7 4. Be3 a6 5. Qd2 b5 6. h4 h5 7. O-O-O Bb7 8. f3
Nd7 9. Nh3 Rc8 10. Kb1 c5 11. dxc5 Nxc5 12. Ng5 Qa5 13. Bd4 Nf6 14. a3 Ncd7 15.
g4 e5 16. Bg1 hxg4 17. fxg4 Nxg4 18. Qxd6 Qc7 19. Nxf7 Ndf6 20. Nxh8 Qxd6 21.
Rxd6 Nxe4 22. Rxg6 Nxc3+ 23. bxc3 Kf8 24. Rh3 Nf6 25. Rxf6+ Bxf6 26. Ng6+ Kf7
27. h5 e4 28. Bd4 Re8 29. Bxf6 Kxf6 30. Re3 Kg5 31. Be2 Bc8 32. Kc1 Bf5 33.
Rg3+ Kf6 34. Nh4 Bh7 35. Kd2 Rd8+ 36. Ke1 Ke5 37. Ng2 Rd7 38. Rg5+ Kf6 39. Rc5
Rd6 40. Kf2 Bf5 41. Ke3 Bh7 42. Nf4 Bf5 43. Nd5+ Ke6 44. Nc7+ Kd7 45. Rxf5 1-0

[Event "I Trofeo Antica Scuola Napoletana"]
[Site "Napoli "]
[Date "2013.02.28"]
[Round "2"]
[White "Taurisano, Vincenzo"]
[Black "Esposito, Rosario"]
[Result "1-0"]
[WhiteElo "1854"]
[BlackElo "1818"]
[PlyCount "77"]
[EventDate "2013.02.21"]
[EventType "swiss"]
[EventRounds "7"]
[EventCountry "ITA"]
[SourceDate "2005.09.12"]

1. e4 c5 2. d4 cxd4 3. c3 dxc3 4. Nxc3 Nc6 5. Nf3 e6 6. Bc4 a6 7. O-O Qc7 8.
Qe2 Be7 9. Be3 Nf6 10. Rac1 Ng4 11. Rfd1 Nxe3 12. Qxe3 O-O 13. Bb3 Qd8 14. e5
b5 15. Ne4 Na5 16. Nd6 Nxb3 17. axb3 Bxd6 18. Rxd6 Bb7 19. Ng5 h6 20. Ne4 Bxe4
21. Qxe4 Rc8 22. Rcd1 Rc7 23. Rxa6 Qc8 24. Rad6 Rc1 25. g3 Qc2 26. Qxc2 Rxc2
27. R1d2 Rfc8 28. Rxd7 Rxd2 29. Rxd2 Rc5 30. f4 Kf8 31. Kf2 Ke7 32. Ke3 f6 33.
Kd4 Rd5+ 34. Kc3 fxe5 35. Rxd5 exd5 36. fxe5 Ke6 37. Kd4 b4 38. g4 g6 39. h4
1-0

[Event "I Trofeo Antica Scuola Napoletana"]
[Site "Napoli "]
[Date "2013.03.07"]
[Round "3"]
[White "Baltzopoulos, Giorgos"]
[Black "Taurisano, Vincenzo"]
[Result "1-0"]
[WhiteElo "1957"]
[BlackElo "1854"]
[PlyCount "61"]
[EventDate "2013.02.21"]
[EventType "swiss"]
[EventRounds "7"]
[EventCountry "ITA"]
[SourceDate "2005.09.12"]

1. d4 d5 2. c4 e6 3. Nc3 c5 4. Nf3 Nc6 5. e3 Nf6 6. a3 cxd4 7. Nxd4 Nxd4 8.
Qxd4 Be7 9. cxd5 exd5 10. Bd3 O-O 11. O-O Be6 12. Rd1 Ng4 13. h3 Bf6 14. Qb4
Ne5 15. Be4 Bh4 16. Nxd5 f5 17. Nc3 Qg5 18. Qd6 Bxf2+ 19. Kh1 fxe4 20. Qxe6+
Kh8 21. Nxe4 Qh5 22. Bd2 Rae8 23. Qd5 Rf5 24. Nxf2 Ng4 25. Qxf5 Qxf5 26. Nxg4
h5 27. Nh2 g5 28. Bc3+ Kh7 29. Rf1 Qd3 30. Rf7+ Kg6 31. Raf1 1-0

[Event "I Trofeo Antica Scuola Napoletana"]
[Site "Napoli "]
[Date "2013.03.07"]
[Round "3"]
[White "Buiano, Fabio"]
[Black "Di Gennaro, Antonio"]
[Result "1-0"]
[WhiteElo "2036"]
[BlackElo "1660"]
[PlyCount "49"]
[EventDate "2013.02.21"]
[EventType "swiss"]
[EventRounds "7"]
[EventCountry "ITA"]
[SourceDate "2005.09.12"]

1. e4 c5 2. Nc3 Nc6 3. f4 g6 4. Nf3 Bg7 5. Bb5 Nd4 6. O-O Nxb5 7. Nxb5 d5 8.
exd5 a6 9. Nc3 Nf6 10. d4 Nxd5 11. dxc5 Nxc3 12. Qxd8+ Kxd8 13. bxc3 Bxc3 14.
Rb1 Ke8 15. Be3 f6 16. Rb3 Ba5 17. Nd4 Kf7 18. Rfb1 Rd8 19. a4 e5 20. fxe5 fxe5
21. Nf3 Bc7 22. Ng5+ Kg8 23. Rf1 Rd7 24. Ne6 Re7 25. Rf8# 1-0